000 00719nam a2200241Ia 4500
003 OSt
005 20220925224502.0
006 a|||||r|||| 00| 0
007 ta
008 220923b |||||||| |||| 00| 0 eng d
020 _a7100 2956 X
037 _cGeneral Book
040 _aRTL
_cRTL
_beng
041 _2eng
_aeng
082 _aDelta 73, K9
100 _aCorbin Henry
_979395
245 0 _aCreative imagination in the Sufisum of Ibn Arabi
260 _aLondon
_bRoutledge & Kegan Paul UK
_c1969
300 _avii,406p. Bibliography P 393-98
_ccm.
650 _aSpritual Experience and Mysticism
_9230805
942 _hDelta 73, K9
_cGB
_2CC
999 _c581566
_d581566